000 00605nam a22002417a 4500
003 OSt
005 20220924113633.0
006 a|||||r|||| 00| 0
007 ta
008 220923b |||||||| |||| 00| 0 eng d
024 _a122305
037 _cGeneral Books
040 _aARTS
_cARTS
_beng
041 _2eng
_aeng
082 _aXu8:N6, K8
100 _aCorden W M
_9124948
245 0 _aAustralian economic policy discussion
_b a survey
260 _c1968
300 _ap.
650 _aECONOMICS
942 _hXu8:N6, K8
_cGB
_2CC
999 _c390290
_d390290